Statistics for Kevin Feige Filmography

Click here to take the quiz!

General Stats

  • This quiz has been taken 6 times
    (2 since last reset)
  • The average score is 61 of 103

Answer Stats

GroupYearAnswer% Correct
Movie2015Ant-Man
100%
Movie2018Ant-Man and the Wasp
100%
Movie2023Ant-Man and the Wasp: Quantumania
100%
Movie2015Avengers: Age of Ultron
100%
Movie2019Avengers: Endgame
100%
Movie2018Avengers: Infinity War
100%
Movie2018Black Panther
100%
Movie2022Black Panther: Wakanda Forever
100%
Movie2021Black Widow
100%
Movie2025Blade
100%
Movie2016Captain America: Civil War
100%
Movie2011Captain America: The First Avenger
100%
Movie2014Captain America: The Winter Soldier
100%
Movie2019Captain Marvel
100%
Movie2003Daredevil
100%
Movie2016Doctor Strange
100%
Movie2005Elektra
100%
Movie2025Fantastic Four
100%
Movie2005Fantastic Four
100%
Movie2007Fantastic Four: Rise of the Silver Surfer
100%
Web Mini-Series2021Hawkeye
100%
Movie2003Hulk
100%
Video Game2003Hulk
100%
Movie2008Iron Man
100%
Movie2010Iron Man 2
100%
Movie2013Iron Man 3
100%
Web Series2021-PresentLoki
100%
Web Mini-Series2022Moon Knight
100%
Web Mini-Series2023Secret Invasion
100%
Movie2021Shang-Chi and the Legend of the Ten Rings
100%
Web Mini-Series2022She-Hulk
100%
Movie2002Spider-Man
100%
Movie2004Spider-Man 2
100%
Movie2007Spider-Man 3
100%
Movie2019Spider-Man: Far From Home
100%
Movie2017Spider-Man: Homecoming
100%
Movie2021Spider-Man: No Way Home
100%
Movie2012The Amazing Spider-Man
100%
Movie2012The Avengers
100%
Movie2021The Eternals
100%
Web Mini-Series2021The Falcon and the Winter Soldier
100%
Movie2008The Incredible Hulk
100%
Movie2023The Marvels
100%
Movie2011Thor
100%
Movie2017Thor: Ragnarok
100%
Movie2013Thor: The Dark World
100%
Web Mini-Series2021WandaVision
100%
Web Series2021-PresentWhat If...?
100%
Movie2003X-2: X-Men United
100%
Movie2000X-Men
100%
Movie2006X-Men: The Last Stand
100%
TV Series2015-2016Agent Carter
50%
Short2012Agent Carter
50%
Movie2027Avengers: Secret Wars
50%
Movie2026Avengers: The Kang Dynasty
50%
Movie2004Blade: Trinity
50%
Movie2025Captain America: Brave New World
50%
Movie2024Deadpool 3
50%
Movie2022Doctor Strange in the Multiverse of Madness
50%
Web Mini-Series2024Echo
50%
Movie2014Guardians of the Galaxy
50%
Movie2017Guardians of the Galaxy Vol. 2
50%
Movie2023Guardians of the Galaxy Vol. 3
50%
Web Docuseries2021-PresentLegends
50%
Web Mini-Series2022Ms. Marvel
50%
Movie2008Punisher: War Zone
50%
Web Special2022The Guardians of the Galaxy Holiday Special
50%
Movie2004The Punisher
50%
Movie2022Thor: Love and Thunder
50%
Movie2025Thunderbolts
50%
Web Special2022Werewolf by Night
50%
Short2011A Funny Thing Happened on the Way to Thor's Hammer
0%
Web Mini-Series2024Agatha: Darkhold Diaries
0%
Short2014All Hail the King
0%
Web Mini-SeriesTBDArmor Wars
0%
Web Docuseries2021-PresentAssembled
0%
Short2022Avengers: Quantum Encounter
0%
Documentary2022Director by Night
0%
Movie2009Hulk V.S.
0%
Web Short Series2022-PresentI Am Groot
0%
Web Mini-Series2024Ironheart
0%
TV Series2008-2012Iron Man: Armored Adventures
0%
TV Mini-Series2010Iron Man: Extremis
0%
Short2012Item 47
0%
Movie2005Man-Thing
0%
Video Game2011Marvel V.S. Capcom 3: Fate of Two Worlds
0%
Movie2008Next Avengers: Heroes of Tomorrow
0%
Web Mini-SeriesTBDNova
0%
Short2018Team Darryl
0%
Short2016Team Thor
0%
Short2017Team Thor Part 2
0%
Short2011The Consultant
0%
TV Series2020The Simpsons
0%
Movie2011Thor: Tales of Asgard
0%
MovieTBDUntitled Marvel X-Men Film
0%
MovieTBDUntitled Star Wars/ Kevin Feige Project
0%
Web Mini Docuseries2023Voices Rising: The Music of Wakanda Forever
0%
Movie1997Volcano
0%
TV Series2008-2009Wolverine and the X-Men
0%
Web Mini-SeriesTBDWonder Man
0%
Web Series2024-PresentYour Friendly Neighborhood Spider-Man
0%
Movie1998You've Got Mail
0%
Web SeriesTBDZombies
0%

Score Distribution

Percentile by Number Answered

Percent of People with Each Score

Your Score History

You have not taken this quiz since the last reset